000 01907nam a2200301Ia 4500
003 OSt
005 20210605170920.0
008 210310s1998 ck ad gr 000 0 spa d
020 _a9586018024
_qObra completa
020 _a9586018067
_qV.4
040 _aCO-JMCR
_cCO-JMCR
041 0 _aspa
082 0 4 _a333.72 /
_bV712s
_223
100 1 _aVilla L., Antonio,
_916554
_eautor
245 1 0 _aSostenibilidad y medio ambiente :
_bpolíticas, estrategias y caminos de acción /
_cAntonio Villa L.
250 _aPrimera edición
260 _aBogotá :
_bTRM Editores : IICA,
_c1998
300 _a95 páginas :
_bilustraciones y gráficas a blanco y negro ;
_c23 cm.
490 0 _aMisión rural ;
_vv. 4
500 _aIncluye notas a pie de página.
504 _aBibliografía: páginas [93]-95
505 0 _aPresentación -- Introducción -- Consideraciones sobre medio ambiente y sobre recursos naturales -- Propuestas
520 3 _a...La discusión importante no es sobre si hay daño ambiental o no, sino más bien sobre cómo sacar partido de las situaciones actuales para remediar y prevenir daños ambientales y pérdidas de recursos, buscando alcanzar situaciones de desarrollo deseables, equitativas y seguras. A la luz de las hipótesis planteadas, este trabajo contempla facetas ambientales, económicas, políticas y sociales con el ánimo de explorar opciones viables para la sociedad colombiana. Con respecto al medio ambiente y a los recursos naturales, se trata de presentar las potencialidades de la oferta ambiental de modo que, al mostrar algunos problemas, se vean las opciones económicas, sociales y ambientales que todos estamos desaprovechando.
650 1 4 _aProtección del medio ambiente
_916556
_zColombia
650 2 4 _aDesarrollo sostenible
_xAspectos ambientales
_zColombia
_938164
650 2 4 _aMedio ambiente
_xAspectos económicos
_zColombia
_938165
942 _2ddc
_cBK
999 _c8181
_d8181